The depth of rain water on road surfaces /

Bibliographic Details
Main Author: Ross, N. F.
Corporate Author: Road Research Laboratory
Other Authors: Russam, K.
Format: Book
Language:English
Published: Crowthorne, Berkshire : Road Research Laboratory, 1968.
Series:RRL report ; LR236.
Subjects:

MARC

Tag First Indicator Second Indicator Subfields
LEADER 00000cam a2200000 a 4500
001 in00001040821
005 20150928155025.0
008 830831s1968 enka b f00010 eng d
035 |a (OCoLC)09867442 
035 |9 AFJ3952AM 
040 |a CBT  |c CBT  |d m/c  |d TXA  |d UtOrBLW 
049 1 |a TXA2 
090 |a TE1.A3  |b T7 no. 236 
100 1 |a Ross, N. F. 
245 1 4 |a The depth of rain water on road surfaces /  |c by N.F. Ross and K. Russam. 
264 1 |a Crowthorne, Berkshire :  |b Road Research Laboratory,  |c 1968. 
300 |a 27 pages :  |b illustrations, tables. 
336 |a text  |b txt  |2 rdacontent 
337 |a unmediated  |b n  |2 rdamedia 
338 |a volume  |b nc  |2 rdacarrier 
490 1 |a RRL report ;  |v LR236 
504 |a Includes bibliographical references. 
650 0 |a Road drainage. 
650 0 |a Rainwater. 
650 0 |a Automobiles  |x Skidding. 
650 0 |a Concrete roads. 
700 1 |a Russam, K. 
710 2 |a Road Research Laboratory. 
740 0 |a Rain water on road surfaces. 
830 0 |a RRL report ;  |v LR236. 
999 |a MARS 
999 f f |s 004faa1a-a129-377c-b5f4-e8f4c5f714ab  |i a9d35cbf-a953-374f-90af-70e2f53861fd  |t 0 
952 f f |p normal  |a Texas A&M University  |b College Station  |c Sterling C. Evans Library  |d Evans: Library Stacks  |t 0  |e TE1.A3 T7 no.236-240  |h Library of Congress classification  |i unmediated -- volume  |m A14841529735 
998 f f |a TE1.A3 T7 no.236-240  |t 0  |l Evans: Library Stacks